Southwest Conference College Football Teams - Statistics

General Stats
  • This quiz has been taken 20 times
  • The average score is 17 of 18
Answer Stats
Answer % Correct
Arkansas
100%
Baylor
100%
Rice
100%
SMU
100%
TCU
100%
Texas
100%
Texas A&M
100%
Texas Tech
100%
Aggies
94%
Bears
94%
Horned Frogs
94%
Houston
94%
Longhorns
94%
Mustangs
94%
Razorbacks
94%
Red Raiders
94%
Cougars
89%
Owls
89%
No matching quizzes found
Score Distribution
Percent of People with Each Score
Percentile by Number Answered
Your Score History
You have not taken this quiz